Science Quiz

Random Science Quiz
Score 0/11 Timer 08:00
0 Plays Today
Question Answer % Correct
How do fungi reprouduce?By spores.
68.4%
How to bacteria reprouduce?Binary fission.
42.1%
What is penicillin made of?Mold
26.3%
How is fungi different from plants?Fungi do not make their own food.
0%
What are the main types of protists?Algae, Protozoa.
0%
Bacteria was discovered by who?Antonie von Leeuvenhook.
0%
What are 3 main types of Protozoa?Paramecium, euglena, amoeba
0%
How do Amoeba move?By extending psuedopods.
0%
How do algae get their food?They make their own food.
0%
What are the main types of fungi?Mold, mushroom, yeast, mildew
0%
Do Bacteria Move?Some do, some dont.
0%
Remove Ads.
Support Sporcle.
Get the best of Sporcle when you Go Orange. This ad-free experience offers more features, more stats, and more fun while also helping to support Sporcle. Thank you for becoming a member.

You're not logged in!

Compare scores with friends on all Sporcle quizzes.
OR
Log In

Show Comments

Extras

Created Oct 18, 2010ReportNominate
Tags:microbe

Top Quizzes Today


Score Distribution

Your Account Isn't Verified!

In order to create a playlist on Sporcle, you need to verify the email address you used during registration. Go to your Sporcle Settings to finish the process.

Report this User

Report this user for behavior that violates our Community Guidelines.

Details: